Environmental biochemistry (Record no. 358460)

MARC details
000 -LEADER
fixed length control field 00466 a2200181 4500
005 - DATE & TIME
control field 20250426112559.0
008 - FIXED-LENGTH DATA ELEMENTS--GENERAL INFORMATION
fixed length control field 250426b |||||||| |||| 00| 0 eng d
020 ## - ISBN
International Standard Book Number 9781645322078
Price Rs. 5495.00
040 ## - CATALOGING SOURCE
Original cataloging agency VIVEKANANDA LIBRARY
082 ## - DDC NUMBER
Classification number 572
Book Number F534E
100 ## - MAIN ENTRY--PERSONAL NAME
Personal name FIsher, James
245 ## - TITLE STATEMENT
Title Environmental biochemistry
260 ## - PUBLICATION, DISTRIBUTION, ETC. (IMPRINT)
Name of publisher, distributor, etc Alexis Press
Date of publication, distribution, etc 2023
Place of publication, distribution, etc New York
300 ## - PHYSICAL DESCRIPTION
Pages viii, 296
650 ## - Subject
Subject Biochemistry
650 ## - Subject
Subject Environmental Biochemistry
942 ## - ADDED ENTRY ELEMENTS (KOHA)
Koha item type Books
Holdings
Withdrawn status Lost status Source of classification or shelving scheme Damaged status Not for loan Location (home branch) Sublocation or collection (holding branch) Shelving location Date acquired Koha issues (times borrowed) Koha full call number Accession No. Koha date last seen Koha item type
    Dewey Decimal Classification     VIVEKANANDA LIBRARY VIVEKANANDA LIBRARY Vivekananda Library 23/12/2024   572 F534E 441375 23/12/2024 Books
© Designed and Maintained by Vivekananda Library, MDU Rohtak